• 首页
  • 本馆介绍
  • 公告通知
  • 最新文献
  • 馆藏检索
  • 电子资源
  • 读者导购
  • 参考咨询
  • 我的图书馆
  • 登录
  • 详细信息显示
  • 放入我的书架
  • 预约/预借图书
  • 作者相关作品
  • 分类相关作品
  • 丛书相关作品
  • 出版社相关作品

书目信息

  • 表格格式
  • 工作单格式
  • 卡片格式
题名:
金属腐蚀与防护概论
    
 
作者: 叶康民 编
分册:  
出版信息: 北京   高等教育出版社  1980
页数: 197
开本: 20cm
丛书名:
单 册:
中图分类: TG172/226
科图分类:
主题词: 腐蚀 , 金属表面 , 金属表面清理
电子资源:
ISBN: 7-04-003974-5
000 00597nam0 2200217 450
001 0754114953
005 20070929150154.95
010    @a7-04-003974-5
100    @a20070929d km y0chiy0120 ea
101 0  @achi
200 1  @a金属腐蚀与防护概论@Ajin shu fu shi yu fang hu gai lun@f叶康民 编@Fye kang min bian
205    @a3版
210    @a北京@c高等教育出版社@d1980
215    @a197@c插图@d20cm
606 0  @a腐蚀
606 0  @a金属表面
606 0  @a金属表面清理
690    @aTG172/226@v3
701  0 @a叶康民@Aye kang min@4编
801  0 @aCN@bPFT@c20070929
905    @a213230@dTG172/226@eh1=3@f1
    
    金属腐蚀与防护概论/叶康民 编.-3版.-北京:高等教育出版社,1980
    197:插图;20cm
    
    
    ISBN 7-04-003974-5:
    
●
相关链接 在E读中查询图书 在五车中查询图书 在当当中查询图书 在豆瓣中查询图书


正题名:金属腐蚀与防护概论     索取号:TG172/226/h1=3         预约/预借

序号 登录号 条形码 馆藏地/架位号 状态 备注
1 6000596   260005960   密集书库-化学系/ [索取号:TG172/226/h1=3] 在馆    
唐山师范学院图书馆 欢迎您!
大连网信软件有限公司© 版权所有